[Event "C.to Italiano U14"]
[Site "Porretta Terme ITA"]
[Date "2011.07.03"]
[Round "1"]
[White "Basso, Pier Luigi"]
[Black "De Palo, Lorenzo"]
[Result "1-0"]
[WhiteElo "2045"]
[BlackElo "1494"]
[PlyCount "100"]
[EventDate "2011.07.03"]

1. e4 c5 2. Nf3 Nc6 3. d4 cxd4 4. Nxd4 e6 5. c4 Bb4+ 6. Bd2 Qa5 7. Nxc6 bxc6 8.
Nc3 Qe5 9. f3 d5 10. cxd5 exd5 11. Qa4 Qd6 12. exd5 Bd7 13. dxc6 Bxc6 14. Bb5
O-O-O 15. O-O-O Ne7 16. Bxc6 Nxc6 17. Bg5 Qc5 18. Bxd8 Bxc3 19. bxc3 Qxc3+ 20.
Kb1 Rxd8 21. Rxd8+ Kxd8 22. Rd1+ Kc7 23. Rc1 Qd3+ 24. Ka1 Qd6 25. Qxa7+ Kc8 26.
Qa8+ Kc7 27. Qxc6+ Qxc6 28. Rxc6+ Kxc6 29. Kb2 Kb5 30. Kb3 Ka5 31. Kc4 Ka4 32.
Kd5 Ka3 33. Kd6 Kxa2 34. Ke7 f5 35. Kf7 Kb2 36. Kxg7 Kc2 37. Kf6 Kd2 38. Kxf5
Ke3 39. Kg4 Kd4 40. Kg5 Ke5 41. Kh6 Kf5 42. Kxh7 Kg5 43. g3 Kh5 44. g4+ Kh4 45.
Kh6 Kh3 46. g5 Kg2 47. g6 Kg1 48. g7 Kh1 49. g8=Q Kxh2 50. f4 Kh3 1-0

[Event "C.to Italiano U14"]
[Site "Porretta Terme ITA"]
[Date "2011.07.03"]
[Round "1"]
[White "Gentile, Federico"]
[Black "Formento, Paolo"]
[Result "0-1"]
[WhiteElo "1488"]
[BlackElo "2024"]
[PlyCount "70"]
[EventDate "2011.07.03"]

1. d4 g6 2. c4 Bg7 3. Nc3 c5 4. Nf3 Nf6 5. Bf4 cxd4 6. Nxd4 d6 7. Nf3 Qb6 8.
Qb3 Nbd7 9. Qxb6 Nxb6 10. e3 Be6 11. Nd2 Rc8 12. b3 Nfd5 13. cxd5 Bxc3 14. Rc1
Bxd2+ 15. Kxd2 Rxc1 16. Kxc1 Nxd5 17. Bg3 O-O 18. Bd3 Nb4 19. Bb1 a5 20. a3 Na6
21. Kb2 Nc5 22. Bc2 b5 23. Rc1 Rc8 24. f3 Bxb3 25. Bxb3 Nd3+ 26. Kb1 Rxc1+ 27.
Ka2 Rg1 28. Bc2 Rxg2 29. Kb3 Nc5+ 30. Kb2 b4 31. axb4 axb4 32. Kb1 b3 33. Bd1
Na4 34. Kc1 b2+ 35. Kb1 Nc3# 0-1

[Event "C.to Italiano U14"]
[Site "Porretta Terme ITA"]
[Date "2011.07.03"]
[Round "1"]
[White "Valdettaro, Filippo"]
[Black "Pescatore, Lorenzo"]
[Result "0-1"]
[WhiteElo "1497"]
[BlackElo "2121"]
[PlyCount "60"]
[EventDate "2011.07.03"]

1. e4 e5 2. Nf3 Nc6 3. Bb5 a6 4. Ba4 Nf6 5. O-O Be7 6. Re1 b5 7. Bb3 d6 8. c3
O-O 9. h3 Na5 10. Bc2 c5 11. d4 Nd7 12. Nbd2 exd4 13. cxd4 Nc6 14. Nf1 cxd4 15.
Nxd4 Nxd4 16. Qxd4 Ne5 17. f4 Nc6 18. Qc3 Bb7 19. Rd1 Rc8 20. Qd2 Bf6 21. a4
Nd4 22. Ne3 Nxc2 23. Nxc2 Bxe4 24. Ne3 d5 25. Nxd5 Rc2 26. Nxf6+ Qxf6 27. Qe1
Rxg2+ 28. Kf1 Qg6 29. Qe3 Rg3 30. Qd4 Rf3+ 0-1

[Event "C.to Italiano U14"]
[Site "Porretta Terme ITA"]
[Date "2011.07.03"]
[Round "2"]
[White "Formento, Paolo"]
[Black "Caffarelli, Cristiano"]
[Result "1/2-1/2"]
[WhiteElo "2024"]
[BlackElo "1675"]
[PlyCount "93"]
[EventDate "2011.07.03"]

1. e4 e5 2. Nf3 Nc6 3. Bc4 Bc5 4. O-O Nf6 5. d4 Bxd4 6. Nxd4 Nxd4 7. f4 d6 8.
fxe5 dxe5 9. Bg5 Ne6 10. Qxd8+ Kxd8 11. Bxf6+ gxf6 12. Rxf6 Ke7 13. Rf2 Rg8 14.
Nc3 c6 15. Raf1 Rg7 16. Ne2 Ng5 17. Ng3 Be6 18. Bxe6 fxe6 19. Rd2 Rgg8 20. Rfd1
Rad8 21. Kf2 Rxd2+ 22. Rxd2 Rd8 23. Rxd8 Kxd8 24. h4 Nf7 25. Kf3 Ke7 26. Nh5
Nd6 27. g4 Kf7 28. g5 Ne8 29. c4 c5 30. b3 a6 31. a4 b6 32. Ke3 Kg6 33. Ng3 h6
34. gxh6 Kxh6 35. Nf1 Nf6 36. Ng3 Nh5 37. Ne2 Nf6 38. Ng1 Nd7 39. Nf3 Kh5 40.
Ng5 Kxh4 41. Nxe6 Kg4 42. a5 bxa5 43. Nc7 Nb8 44. Ne6 Nd7 45. Nc7 Nb8 46. Ne6
Nd7 47. Nd8 1/2-1/2

[Event "C.to Italiano U14"]
[Site "Porretta Terme ITA"]
[Date "2011.07.03"]
[Round "2"]
[White "Pescatore, Lorenzo"]
[Black "Gasperini, Christian"]
[Result "1-0"]
[WhiteElo "2121"]
[BlackElo "1689"]
[PlyCount "105"]
[EventDate "2011.07.03"]

1. e4 e5 2. Nf3 Nc6 3. d4 exd4 4. Bc4 Nf6 5. e5 Ne4 6. c3 d5 7. exd6 Nxd6 8.
Be2 dxc3 9. O-O Be7 10. Nxc3 O-O 11. Bf4 Be6 12. Qa4 a6 13. Rfd1 Qe8 14. Ne4
Bd7 15. Nc5 Nb8 16. Qb3 b6 17. Nxd7 Nxd7 18. Rac1 Nc5 19. Qc2 Ra7 20. Nd4 Bf6
21. Bxd6 cxd6 22. Nf5 Be5 23. Nxd6 Bxd6 24. Rxd6 Qb8 25. Rcd1 Re8 26. Bf3 Rae7
27. g3 Re6 28. Qd2 h6 29. b4 Ne4 30. Bxe4 Rxe4 31. a3 R4e6 32. Rxe6 Rxe6 33.
Qd7 Qe8 34. Qxe8+ Rxe8 35. Rd6 Re6 36. Rxe6 fxe6 37. Kg2 Kf7 38. Kf3 e5 39. Ke4
Ke6 40. g4 g6 41. h4 h5 42. gxh5 gxh5 43. f4 exf4 44. Kxf4 Kf6 45. a4 b5 46. a5
Ke6 47. Kg5 Kd5 48. Kxh5 Kc4 49. Kg6 Kxb4 50. h5 Kxa5 51. h6 b4 52. h7 b3 53.
h8=Q 1-0

[Event "C.to Italiano U14"]
[Site "Porretta Terme ITA"]
[Date "2011.07.03"]
[Round "2"]
[White "Rossi, Valerio"]
[Black "Basso, Pier Luigi"]
[Result "0-1"]
[WhiteElo "1688"]
[BlackElo "2045"]
[PlyCount "126"]
[EventDate "2011.07.03"]

1. e4 c5 2. Nf3 Nc6 3. Bb5 Nd4 4. Nxd4 cxd4 5. O-O g6 6. d3 Bg7 7. Re1 e6 8.
Nd2 a6 9. Bc4 d6 10. Nf3 h6 11. Bd2 Ne7 12. c3 dxc3 13. Bxc3 O-O 14. Qd2 d5 15.
Bxg7 Kxg7 16. Qc3+ Kh7 17. exd5 Nxd5 18. Bxd5 Qxd5 19. d4 Bd7 20. Qc5 Qxc5 21.
dxc5 Rfd8 22. Ne5 Kg7 23. Red1 Bb5 24. Rd6 Rxd6 25. cxd6 f6 26. Nf3 Rd8 27. Rd1
Bc4 28. Rc1 Rxd6 29. h3 Bb5 30. Rc7+ Rd7 31. Nd4 Rxc7 32. Nxe6+ Kf7 33. Nxc7
Bc6 34. Na8 b5 35. Nb6 Ke6 36. b3 Kd6 37. a4 bxa4 38. bxa4 Kc5 39. Nc8 Bxa4 40.
Ne7 Bc2 41. Kf1 f5 42. Nxg6 Kb4 43. Ke2 Kb3 44. Nf8 a5 45. Ne6 a4 46. Nc5+ Kc4
47. Nxa4 Bxa4 48. g4 Kd4 49. Kf3 Ke5 50. gxf5 Kxf5 51. Kg3 Kg5 52. h4+ Kh5 53.
f4 Bd7 54. f5 Bxf5 55. Kf4 Bc8 56. Kg3 Bd7 57. Kh2 Kxh4 58. Kg2 Bc6+ 59. Kh2
Bb7 60. Kg1 Kg3 61. Kf1 h5 62. Kg1 h4 63. Kf1 h3 0-1

[Event "C.to Italiano U14"]
[Site "Porretta Terme ITA"]
[Date "2011.07.05"]
[Round "3"]
[White "Basso, Pier Luigi"]
[Black "Montilli, Vincenzo"]
[Result "1-0"]
[WhiteElo "2045"]
[BlackElo "1761"]
[PlyCount "59"]
[EventDate "2011.07.03"]

1. e4 c5 2. Nf3 d6 3. d4 cxd4 4. Nxd4 Nf6 5. Nc3 a6 6. Bg5 e6 7. f4 Nbd7 8. Qf3
Qc7 9. O-O-O b5 10. Bd3 Bb7 11. Rhe1 Be7 12. a3 O-O-O 13. Bh4 Kb8 14. Bf2 Nc5
15. Kb1 Nfd7 16. Qe3 Nb6 17. Nb3 Rc8 18. Rc1 Rhe8 19. Na5 Nba4 20. Nxa4 Qxa5
21. Nxc5 dxc5 22. c4 b4 23. Bc2 bxa3 24. bxa3 Bf6 25. e5 Be7 26. Ka2 Red8 27.
Red1 Rxd1 28. Rxd1 Kc7 29. Rb1 Rd8 30. Be1 1-0

[Event "C.to Italiano U14"]
[Site "Porretta Terme ITA"]
[Date "2011.07.05"]
[Round "3"]
[White "Ramella, Stefano"]
[Black "Pescatore, Lorenzo"]
[Result "0-1"]
[WhiteElo "1776"]
[BlackElo "2121"]
[PlyCount "70"]
[EventDate "2011.07.03"]

1. e4 e5 2. Nf3 Nc6 3. Bb5 a6 4. Ba4 Nf6 5. O-O Be7 6. Re1 b5 7. Bb3 d6 8. h3
O-O 9. c3 Na5 10. Bc2 c5 11. d4 Nd7 12. Nbd2 exd4 13. cxd4 Nc6 14. d5 Nce5 15.
Nxe5 Nxe5 16. f4 Ng6 17. Nf3 f5 18. e5 dxe5 19. fxe5 Bb7 20. d6 Bh4 21. Rf1 Bg3
22. Ng5 Nh4 23. Qd3 Bxe5 24. Ne6 Qb6 25. Bf4 c4+ 26. Qe3 Qxe3+ 27. Bxe3 Nxg2
28. Bc5 Rf6 29. Nc7 Rd8 30. Rxf5 Bxd6 31. Bxd6 Rfxd6 32. Rc1 Ne3 33. Rf2 Nxc2
34. Rcxc2 Rg6+ 35. Kh2 Rd1 0-1

[Event "C.to Italiano U14"]
[Site "Porretta Terme ITA"]
[Date "2011.07.05"]
[Round "3"]
[White "Zamengo, Fulvio"]
[Black "Marzaduri, Riccardo"]
[Result "1-0"]
[WhiteElo "2007"]
[BlackElo "1746"]
[PlyCount "49"]
[EventDate "2011.07.03"]

1. e4 e6 2. d4 d5 3. Nd2 Nc6 4. Ngf3 Nge7 5. e5 Nf5 6. c3 a5 7. Bd3 Be7 8. Qe2
a4 9. Nf1 h5 10. Ne3 g5 11. h4 g4 12. Nxf5 gxf3 13. Ng7+ Kf8 14. Qxf3 Kxg7 15.
Rh3 Bxh4 16. Qf4 Bxf2+ 17. Kxf2 h4 18. Rf3 Qe7 19. Qg4+ Kf8 20. Bg5 Qd7 21. Rf1
Ne7 22. Bf6 Rg8 23. Qxh4 Nf5 24. Qh7 c5 25. g4 1-0

[Event "C.to Italiano U14"]
[Site "Porretta Terme ITA"]
[Date "2011.07.05"]
[Round "4"]
[White "Carbone, Edoardo"]
[Black "Basso, Pier Luigi"]
[Result "0-1"]
[WhiteElo "1808"]
[BlackElo "2045"]
[PlyCount "130"]
[EventDate "2011.07.03"]

1. c4 Nf6 2. Nc3 e6 3. Nf3 Be7 4. g3 O-O 5. Bg2 d5 6. cxd5 exd5 7. d4 c6 8. O-O
Nbd7 9. a3 Ne4 10. Qc2 Ndf6 11. Nd2 Nd6 12. b4 Bf5 13. Qb3 a6 14. Bb2 Qd7 15.
Na4 Rae8 16. Nc5 Qc8 17. Rac1 Bh3 18. Rfe1 Bxg2 19. Kxg2 Qf5 20. h3 Nfe4 21.
Ndxe4 dxe4 22. Qc2 Bg5 23. e3 Ra8 24. Qe2 a5 25. Bc3 a4 26. Qc2 Qf3+ 27. Kg1 b5
28. Nd7 Rfe8 29. Qe2 Qxe2 30. Rxe2 Nc4 31. Ra1 Rad8 32. Nc5 f5 33. Kg2 Kf7 34.
Nb7 Rd5 35. Nc5 Be7 36. h4 Bxc5 37. bxc5 h5 38. Bb4 Rd7 39. Rc1 Ke6 40. Rec2
Kd5 41. Ra1 Rh8 42. Rh1 Rdd8 43. Kf1 Rdg8 44. Ke2 Ra8 45. Rc3 Nb2 46. Rb1 Nd3
47. Rc2 g5 48. hxg5 Nxb4 49. Rxb4 h4 50. gxh4 Rxh4 51. Rc1 f4 52. exf4 Rxf4 53.
g6 Raf8 54. Rf1 Rg4 55. Rh1 Rxg6 56. Rh5+ Ke6 57. Re5+ Kd7 58. Rxe4 Rg2 59. Re3
Rfxf2+ 60. Kd3 Ra2 61. Ke4 Rge2 62. Rxe2 Rxe2+ 63. Kf5 Re3 64. d5 Rb3 65. Re4
cxd5 0-1

[Event "C.to Italiano U14"]
[Site "Porretta Terme ITA"]
[Date "2011.07.05"]
[Round "4"]
[White "Carletti, Davide M."]
[Black "Zamengo, Fulvio"]
[Result "0-1"]
[WhiteElo "1726"]
[BlackElo "2007"]
[PlyCount "78"]
[EventDate "2011.07.03"]

1. e4 e6 2. d4 d5 3. Nd2 Nf6 4. e5 Nfd7 5. Ngf3 c5 6. c3 Nc6 7. Bd3 Be7 8. O-O
h6 9. a3 a5 10. a4 Qc7 11. Re1 b6 12. Nf1 Ba6 13. Ng3 Bxd3 14. Qxd3 cxd4 15.
Nh5 Bf8 16. Nxd4 Nxd4 17. cxd4 Qc4 18. Qe3 g6 19. Nf6+ Nxf6 20. exf6 Bd6 21. b3
Qa6 22. Qf3 Kd7 23. Bf4 Bxf4 24. Qxf4 h5 25. Rac1 Rac8 26. Rxc8 Rxc8 27. Qh6
Qb7 28. Qg7 Kd6 29. h3 Qd7 30. Rb1 Qe8 31. b4 axb4 32. Rxb4 Kc7 33. Rb1 Ra8 34.
Ra1 Kb7 35. Kh1 b5 36. a5 Rc8 37. Qh6 Qd8 38. Qh7 Qxf6 39. Rf1 Rh8 0-1

[Event "C.to Italiano U14"]
[Site "Porretta Terme ITA"]
[Date "2011.07.05"]
[Round "4"]
[White "Pescatore, Lorenzo"]
[Black "Tazzioli, Luca"]
[Result "1-0"]
[WhiteElo "2121"]
[BlackElo "1838"]
[PlyCount "57"]
[EventDate "2011.07.03"]

1. e4 d5 2. exd5 Qxd5 3. Nc3 Qa5 4. d4 c6 5. Bc4 Nf6 6. h3 Bf5 7. Nf3 e6 8. Bd2
Bb4 9. a3 Bxc3 10. Bxc3 Qc7 11. O-O O-O 12. b4 b5 13. Bb3 Nbd7 14. Bd2 Ne4 15.
c4 Nxd2 16. Qxd2 Nb6 17. cxb5 cxb5 18. Rac1 Qb7 19. Rc5 a6 20. Qf4 Rac8 21. Ne5
Nd7 22. Nxd7 Qxd7 23. Rfc1 Rfd8 24. d5 g6 25. g4 Bd3 26. dxe6 fxe6 27. Rc7 Rxc7
28. Rxc7 Qe8 29. Qf6 1-0

[Event "C.to Italiano U14"]
[Site "Porretta Terme ITA"]
[Date "2011.07.06"]
[Round "5"]
[White "Basso, Pier Luigi"]
[Black "Pescatore, Lorenzo"]
[Result "0-1"]
[WhiteElo "2045"]
[BlackElo "2121"]
[PlyCount "112"]
[EventDate "2011.07.03"]

1. e4 e5 2. Nf3 Nc6 3. d4 exd4 4. Bc4 Nf6 5. O-O Nxe4 6. Re1 d5 7. Bxd5 Qxd5 8.
Nc3 Qh5 9. Nxe4 Be6 10. Bg5 Bd6 11. Nxd6+ cxd6 12. Bf4 Qd5 13. c3 Qf5 14. cxd4
O-O-O 15. Rc1 Bd5 16. Bg3 Kb8 17. Qa4 g5 18. Qa3 Ka8 19. Bxd6 Bxf3 20. gxf3
Nxd4 21. Rc5 Qxf3 22. Bc7 Qxa3 23. bxa3 Nf3+ 24. Kf1 Nxe1 25. Bxd8 Rxd8 26.
Kxe1 h6 27. Rc7 Rf8 28. Ke2 Kb8 29. Re7 Rc8 30. Rxf7 Rc2+ 31. Kf1 Rxa2 32. Rf3
a5 33. h4 gxh4 34. Kg2 a4 35. Kh3 Rb2 36. Kxh4 Rb3 37. Rf8+ Ka7 38. f4 Rxa3 39.
Kg4 Rb3 40. f5 Rb4+ 41. Kg3 Rb3+ 42. Kg4 h5+ 43. Kf4 a3 44. f6 a2 45. f7 a1=Q
46. Ra8+ Kxa8 47. f8=Q+ Ka7 48. Qc5+ Rb6 49. Kg5 Qg7+ 50. Kxh5 Qf7+ 51. Kg4
Qd7+ 52. Kh4 Qc6 53. Qa3+ Ra6 54. Qe3+ Ka8 55. Qd3 Qh6+ 56. Kg4 Qg6+ 0-1

[Event "C.to Italiano U14"]
[Site "Porretta Terme ITA"]
[Date "2011.07.05"]
[Round "5"]
[White "Ferraguti, Francesco"]
[Black "Formento, Paolo"]
[Result "1/2-1/2"]
[WhiteElo "1825"]
[BlackElo "2024"]
[PlyCount "93"]
[EventDate "2011.07.03"]

1. d4 Nf6 2. c4 a6 3. Nc3 c5 4. d5 b5 5. cxb5 axb5 6. Nxb5 Qa5+ 7. Nc3 Bb7 8.
Bd2 Qb6 9. e4 e6 10. dxe6 fxe6 11. Qc2 Nc6 12. Be2 Nd4 13. Qb1 Qa7 14. b3 d5
15. Nb5 Qb6 16. Nxd4 cxd4 17. exd5 Nxd5 18. Nf3 Bb4 19. Qb2 Ba3 20. Qc2 Nb4 21.
Bxb4 Bxb4+ 22. Kf1 O-O 23. h4 Bc3 24. Rd1 e5 25. Bd3 Rxf3 26. gxf3 Bxf3 27.
Bxh7+ Kh8 28. Be4 Bxh1 29. Bxh1 Rf8 30. Be4 Rf4 31. Bg2 Qa6+ 32. Qe2 Qxe2+ 33.
Kxe2 e4 34. f3 e3 35. a4 Rxh4 36. Rh1 Rxh1 37. Bxh1 g5 38. Bg2 Kg7 39. Bh3 Kf6
40. Bd7 Ke5 41. Bb5 Kf4 42. Bc4 Kg3 43. Bb5 Kf4 44. Bc4 Kf5 45. Bb5 Ke5 46. Kd3
Kf5 47. Ke2 1/2-1/2

[Event "C.to Italiano U14"]
[Site "Porretta Terme ITA"]
[Date "2011.07.06"]
[Round "5"]
[White "Zamengo, Fulvio"]
[Black "Petrone, Gianmario"]
[Result "1/2-1/2"]
[WhiteElo "2007"]
[BlackElo "1900"]
[PlyCount "105"]
[EventDate "2011.07.03"]

1. e4 c5 2. Nf3 d6 3. d4 cxd4 4. Nxd4 Nf6 5. Nc3 a6 6. Bg5 e6 7. f4 Qb6 8. Qd2
Nc6 9. O-O-O Nxd4 10. Qxd4 Qxd4 11. Rxd4 Be7 12. Be2 Bd7 13. Bf3 Bc6 14. Rhd1
h6 15. Bh4 g5 16. fxg5 Nd7 17. Bg3 e5 18. R4d3 Nc5 19. Rxd6 Bxd6 20. Rxd6 hxg5
21. Bxe5 Rg8 22. h3 Rd8 23. Nd5 Bxd5 24. Rxd5 Rxd5 25. exd5 f5 26. b4 Nd7 27.
Bd4 b5 28. a4 Ke7 29. axb5 axb5 30. Be2 Rb8 31. Bd3 f4 32. Ba7 Ra8 33. Bc5+
Nxc5 34. bxc5 Rc8 35. c6 Kd6 36. Bf5 Ra8 37. Kd2 Ra3 38. Be4 b4 39. Bf3 Rc3 40.
Kd1 Ra3 41. Kc1 Re3 42. Kd2 Rc3 43. Kd1 Re3 44. Bg4 Rc3 45. Be6 Rg3 46. Ke2
Rxg2+ 47. Kd3 f3 48. Bf5 f2 49. Ke2 Rg3 50. c4 bxc3 51. Kxf2 c2 52. Bxc2 Rxh3
53. Bf5 1/2-1/2

[Event "C.to Italiano U14"]
[Site "Porretta Terme ITA"]
[Date "2011.07.07"]
[Round "6"]
[White "Abbatantuono, Oscar"]
[Black "Dobboletta, Alex"]
[Result "1-0"]
[WhiteElo "1827"]
[BlackElo "1910"]
[PlyCount "37"]
[EventDate "2011.07.03"]

1. e4 c5 2. Nf3 e6 3. d4 cxd4 4. Nxd4 Nf6 5. Nc3 d6 6. Bg5 Be7 7. f4 h6 8. Bxf6
Bxf6 9. Bb5+ Nd7 10. Qd3 a6 11. Bxd7+ Bxd7 12. O-O-O Be7 13. e5 d5 14. f5 b5
15. fxe6 Bxe6 16. Nxe6 fxe6 17. Qg6+ Kd7 18. Nxd5 Qe8 19. Nf6+ 1-0

[Event "C.to Italiano U14"]
[Site "Porretta Terme ITA"]
[Date "2011.07.07"]
[Round "6"]
[White "Pescatore, Lorenzo"]
[Black "Zamengo, Fulvio"]
[Result "1-0"]
[WhiteElo "2121"]
[BlackElo "2007"]
[PlyCount "143"]
[EventDate "2011.07.03"]

1. e4 e6 2. d4 d5 3. Nc3 Bb4 4. e5 Ne7 5. Bd2 Ng6 6. Bd3 a6 7. h4 h5 8. Bxg6
fxg6 9. Bg5 Qd7 10. a3 Bxc3+ 11. bxc3 Nc6 12. Ne2 Qf7 13. Rh3 Ne7 14. Bxe7 Qxe7
15. Qd3 Rh6 16. Qe3 Bd7 17. Qg5 Kd8 18. Rf3 Be8 19. Nf4 Kd7 20. Nd3 b6 21. Qf4
Rh8 22. c4 dxc4 23. Nb4 a5 24. Nc6 Kxc6 25. Qe4+ Kd7 26. Qxa8 Qxh4 27. O-O-O
Qd8 28. Qa6 c6 29. Qxc4 b5 30. Qc5 Qc7 31. Rf8 Rxf8 32. Qxf8 Kd8 33. c4 Qe7 34.
Qxe7+ Kxe7 35. cxb5 cxb5 36. d5 exd5 37. Rxd5 Bc6 38. Rd6 Be8 39. f4 b4 40.
axb4 axb4 41. Rb6 h4 42. Rxb4 Bc6 43. Rb2 Ke6 44. Rf2 g5 45. fxg5 Kxe5 46. Kd2
Bd7 47. Ke3 h3 48. gxh3 Bxh3 49. Ra2 Be6 50. Ra5+ Bd5 51. Rb5 g6 52. Ra5 Ke6
53. Kf4 Bc4 54. Ra4 Bd3 55. Ra3 Bc2 56. Ra5 Bd3 57. Ke3 Bc2 58. Kd4 Bb1 59.
Re5+ Kd6 60. Rb5 Bf5 61. Rb6+ Ke7 62. Ke5 Kf7 63. Rb7+ Kg8 64. Kf6 Bd3 65. Rg7+
Kh8 66. Rxg6 Bxg6 67. Kxg6 Kg8 68. Kf6 Kh7 69. Kf7 Kh8 70. Kg6 Kg8 71. Kh6 Kh8
72. g6 1-0

[Event "C.to Italiano U14"]
[Site "Porretta Terme ITA"]
[Date "2011.07.07"]
[Round "6"]
[White "Savalla, Pietro"]
[Black "Basso, Pier Luigi"]
[Result "0-1"]
[WhiteElo "1781"]
[BlackElo "2045"]
[PlyCount "78"]
[EventDate "2011.07.03"]

1. d4 d5 2. Nf3 Nf6 3. e3 e6 4. Bd3 Be7 5. Ne5 Nbd7 6. f4 O-O 7. O-O Ne4 8. Nd2
f5 9. c4 c6 10. c5 Nxe5 11. fxe5 b6 12. cxb6 axb6 13. Nxe4 fxe4 14. Rxf8+ Bxf8
15. Be2 c5 16. a3 cxd4 17. exd4 Ba6 18. Be3 Bxe2 19. Qxe2 Qd7 20. Rc1 b5 21.
Qc2 b4 22. axb4 Bxb4 23. Qc6 Qxc6 24. Rxc6 Kf7 25. Rc7+ Be7 26. Bg5 Re8 27. b4
h6 28. Bxe7 Rxe7 29. Rc5 Ra7 30. b5 e3 31. Kf1 Ra2 32. b6 Rb2 33. Rc7+ Kg6 34.
b7 Kf5 35. Rc2 Rxb7 36. Ke2 Ke4 37. Ra2 Rc7 38. Ra6 Rc2+ 39. Ke1 Kd3 0-1

[Event "C.to Italiano U14"]
[Site "Porretta Terme ITA"]
[Date "2011.07.07"]
[Round "7"]
[White "Basso, Pier Luigi"]
[Black "Formento, Paolo"]
[Result "1/2-1/2"]
[WhiteElo "2045"]
[BlackElo "2024"]
[PlyCount "71"]
[EventDate "2011.07.03"]

1. e4 e5 2. Nf3 Nc6 3. d4 exd4 4. Bc4 Bb4+ 5. c3 dxc3 6. bxc3 Bd6 7. O-O f6 8.
Re1 Nge7 9. e5 Bxe5 10. Nxe5 Nxe5 11. Rxe5 fxe5 12. Qh5+ g6 13. Qxe5 Rf8 14.
Bh6 d5 15. Bb5+ c6 16. Bxf8 Kxf8 17. Bd3 Kg8 18. Nd2 Bf5 19. Bf1 Nc8 20. c4 Qe7
21. Qf4 Qd6 22. Qd4 Ne7 23. cxd5 cxd5 24. Nc4 Qc7 25. Ne3 Be6 26. Rb1 b6 27.
Qf6 Bf5 28. Rd1 Rf8 29. Qd4 Be6 30. Qb2 Qf4 31. Rd2 Qf6 32. Qb5 Rc8 33. Qa4 a5
34. Qb5 Bf7 35. Rb2 Rb8 36. Rc2 1/2-1/2

[Event "C.to Italiano U14"]
[Site "Porretta Terme ITA"]
[Date "2011.07.07"]
[Round "7"]
[White "Manoni, Emmanuel Denis"]
[Black "Abbatantuono, Oscar"]
[Result "1/2-1/2"]
[WhiteElo "1780"]
[BlackElo "1827"]
[PlyCount "68"]
[EventDate "2011.07.03"]

1. e4 e5 2. Nf3 Nc6 3. Bb5 a6 4. Ba4 Nf6 5. d3 b5 6. Bb3 Be7 7. c3 d6 8. Nbd2
O-O 9. Nf1 Be6 10. Ng3 Bxb3 11. axb3 d5 12. O-O dxe4 13. dxe4 Qxd1 14. Rxd1 Bc5
15. h3 h6 16. Re1 a5 17. Be3 Bxe3 18. Rxe3 Rfd8 19. Kf1 g6 20. Ke2 Kf8 21. Rd3
Rxd3 22. Kxd3 Rd8+ 23. Ke2 Ke7 24. Nd2 Nd7 25. f3 Nc5 26. Ngf1 Nd3 27. Rb1 Nf4+
28. Kf2 Rd3 29. h4 b4 30. g3 Ne6 31. Rc1 bxc3 32. bxc3 Nc5 33. Ke2 Rd8 34. Rb1
Nd3 1/2-1/2

[Event "C.to Italiano U14"]
[Site "Porretta Terme ITA"]
[Date "2011.07.07"]
[Round "7"]
[White "Spornberger, Andre"]
[Black "Pescatore, Lorenzo"]
[Result "0-1"]
[WhiteElo "1897"]
[BlackElo "2121"]
[PlyCount "48"]
[EventDate "2011.07.03"]

1. e4 e5 2. Nf3 Nc6 3. d4 exd4 4. Bc4 Nf6 5. e5 d5 6. Bb5 Ne4 7. Nxd4 Bd7 8.
Bxc6 bxc6 9. O-O Bc5 10. f3 Ng5 11. f4 Ne4 12. Be3 O-O 13. Nc3 Nxc3 14. bxc3 f6
15. exf6 Qxf6 16. Qd2 Rae8 17. Rae1 Re4 18. h3 Bb6 19. a4 a6 20. Qd3 Rfe8 21.
f5 c5 22. Nb3 d4 23. Bxd4 Rxe1 24. Qc4+ Qf7 0-1

[Event "C.to Italiano U14"]
[Site "Porretta Terme ITA"]
[Date "2011.07.08"]
[Round "8"]
[White "Abbatantuono, Oscar"]
[Black "Basso, Pier Luigi"]
[Result "1/2-1/2"]
[WhiteElo "1827"]
[BlackElo "2045"]
[PlyCount "96"]
[EventDate "2011.07.03"]

1. e4 c5 2. Nf3 Nc6 3. d4 cxd4 4. Nxd4 Nf6 5. Nc3 d6 6. Be3 e5 7. Nb3 Be7 8. f3
Be6 9. Qd2 O-O 10. O-O-O a5 11. Na4 Nb4 12. Kb1 d5 13. c3 Nc6 14. Bb6 Qe8 15.
Nbc5 dxe4 16. fxe4 Bd8 17. Bb5 Qe7 18. Nxe6 Qxe6 19. Qe2 Bxb6 20. Nxb6 Rad8 21.
Bc4 Qg4 22. Qxg4 Nxg4 23. Rxd8 Rxd8 24. Bd5 Nf6 25. Kc2 Kf8 26. Re1 Ne7 27. c4
Nc6 28. a3 Nd4+ 29. Kc3 Nxd5+ 30. Nxd5 Rc8 31. a4 b5 32. axb5 Nxb5+ 33. Kd3 Nd6
34. Nb6 Rc6 35. Nd5 Rc8 36. Nb6 Rd8 37. Nd5 Nb7 38. Kc3 Nc5 39. b3 Rb8 40. Ra1
Nxe4+ 41. Kc2 Nc5 42. Ra3 f6 43. Nc7 a4 44. bxa4 Rb4 45. Kc3 Rxa4 46. Rxa4
Nxa4+ 47. Kb4 Nb6 48. c5 Nc8 1/2-1/2

[Event "C.to Italiano U14"]
[Site "Porretta Terme ITA"]
[Date "2011.07.08"]
[Round "8"]
[White "Formento, Paolo"]
[Black "Tazzioli, Luca"]
[Result "1-0"]
[WhiteElo "2024"]
[BlackElo "1838"]
[PlyCount "103"]
[EventDate "2011.07.03"]

1. e4 d5 2. exd5 Qxd5 3. Nc3 Qa5 4. Bc4 Nf6 5. Nf3 Bf5 6. O-O e6 7. Re1 Bb4 8.
Re5 c5 9. Nd5 Nc6 10. Re1 Qd8 11. Nxb4 Nxb4 12. Bb5+ Ke7 13. d3 a6 14. Bc4 b5
15. Bb3 c4 16. dxc4 Qxd1 17. Rxd1 bxc4 18. Bd2 Nxc2 19. Bxc2 Bxc2 20. Bb4+ Ke8
21. Rd4 Rc8 22. Rc1 Nd5 23. Rxc2 Nxb4 24. Rdxc4 Rd8 25. Rd2 Nxa2 26. Rxd8+ Kxd8
27. Ra4 Nc1 28. Rxa6 Ke7 29. Ne5 Kf6 30. Nc6 Rc8 31. g3 Nd3 32. b4 Ne5 33. Nxe5
Kxe5 34. Ra7 Kf6 35. Rb7 Rc1+ 36. Kg2 Rb1 37. h4 h5 38. Kf3 Kg6 39. Kf4 f6 40.
Ke3 e5 41. b5 Kf5 42. Kf3 Rb3+ 43. Kg2 g5 44. hxg5 fxg5 45. b6 Kf6 46. Rb8 Kf7
47. b7 h4 48. Rh8 hxg3 49. b8=Q Rxb8 50. Rxb8 gxf2 51. Kxf2 Ke6 52. Kf3 1-0

[Event "C.to Italiano U14"]
[Site "Porretta Terme ITA"]
[Date "2011.07.08"]
[Round "8"]
[White "Pescatore, Lorenzo"]
[Black "Manoni, Emmanuel Denis"]
[Result "1-0"]
[WhiteElo "2121"]
[BlackElo "1780"]
[PlyCount "73"]
[EventDate "2011.07.03"]

1. e4 e5 2. Nf3 Nc6 3. Bc4 Bc5 4. O-O Nf6 5. d4 exd4 6. e5 d5 7. exf6 dxc4 8.
fxg7 Rg8 9. Re1+ Be7 10. Bg5 Be6 11. Bxe7 Kxe7 12. Re4 f5 13. Rh4 Kf7 14. Rxh7
Rxg7 15. Rxg7+ Kxg7 16. c3 d3 17. Qd2 Qf6 18. Qf4 Qd8 19. Nbd2 Qd6 20. Qg5+ Kf7
21. Qh6 Re8 22. Re1 Nd8 23. Ng5+ Kg8 24. Qh7+ Kf8 25. Qh8+ Ke7 26. Qg7+ Nf7 27.
Rxe6+ Qxe6 28. Nxe6 Kxe6 29. Nxc4 b5 30. Qg6+ Ke7 31. Nd2 Kf8 32. Kf1 Re2 33.
Nf3 Rxb2 34. Qxf5 d2 35. Qd3 Rxa2 36. Nxd2 Ke7 37. Nf3 1-0